Palabras y signos de la vida cotidiana /

Bibliographic Details
Main Author: Encalada Vásquez, Oswaldo, 1955- (Author)
Format: Electronic eBook
Language:Spanish
Published: Cuenca, Ecuador : Universidad del Azuay, Casa Editora, [2019]
Edition:Primera edición.
Subjects:
Online Access:Digitalia Hispánica

MARC

LEADER 00000nam a2200000 i 4500
001 DIGUAZUAY0056
003 NyNyDIG
007 cr |||||||||||
008 251210s2019 ec a ob 001 0 spa d
006 m o d
035 |a (OCoLC)1438855301 
040 |a DGITA  |b eng  |e rda  |e pn  |c DGITA 
020 |a 9789942778901  |q eBook 
020 |z 9789942778871 
050 1 4 |a P99.4.S62 ebook 
100 1 |a Encalada Vásquez, Oswaldo,  |d 1955-  |e author. 
245 1 0 |a Palabras y signos de la vida cotidiana /  |c Oswaldo Encalada Vásquez. 
250 |a Primera edición. 
264 1 |a Cuenca, Ecuador :  |b Universidad del Azuay, Casa Editora,  |c [2019] 
300 |a 1 online resource :  |b illustrations. 
336 |a text  |b txt  |2 rdacontent 
337 |a computer  |b c  |2 rdamedia 
338 |a online resource  |b cr  |2 rdacarrier 
347 |a text file  |2 rdaft 
347 |b PDF 
504 |a Includes bibliographical references and index. 
588 0 |a Online resource; title from PDF title page (Digitalia, viewed December 10, 2025) 
650 0 |a Signs and symbols. 
650 0 |a Semiotics. 
650 0 |a Symbolism. 
791 2 |a Digitalia (Firm),  |e distributor. 
793 0 |g Digitalia eBook Collection:  |a Universidad del Azuay 
776 0 8 |i Print version:  |a Encalada Vásquez, Oswaldo, 1955-  |t Palabras y signos de la vida cotidiana.  |b Primera edición.  |d Cuenca, Ecuador : Universidad del Azuay, Casa Editora, [2019]  |z 9789942778871 
856 4 0 |3 Digitalia Hispánica  |u https://www.digitaliapublishing.com/a/133439/ 
910 |a Premium collection: 2025